00733nam a2200229Ia 450000500170000000800410001702000220005804100080008008200150008810000110010324500740011426000470018830000210023544000060025650000120026265000240027470000110029890600070030994200070031699900170032395201630034020230328114740.0230125s9999 xx 000 0 und d a978-81-7708-391-0 aeng a332.1bJAI aJain S aBanking Industry In India : Reforms, Regulations And Services Quality c2014bNew Century Publications.aNew Delhi a160pcHard Bound v1 aBanking aFinancial Economics aJain S b27 cBK c95010d95010 00104070aHIMRbHIMRd2019-02-11ePritam Book Centreg625.00i10763l0o332.1 JAI B18123pHIMR-BK-18123r2023-01-25 00:00:00v598.00w2019-02-11yBKzB18123